00339nam a22001097a 4500003000400000020001800004082001800022100005100040245007800091260005200169300000800221SGT a9789381500156 a370.954bP15T aतोमर, लज़्ज़ा राम  aप्राचीन भारतीय शिक्षा निति  bसुरुचि प्रकाशन c2015 a176